PCI compliance : (رقم التسجيلة. 32982)
[ عرض عادي ]
| 000 -الفاتح | |
|---|---|
| حقل البيانات ثابتة الطول | 02555cam a2200385 i 4500 |
| 001 - رقم الضبط | |
| رقم الضبط | 17420548 |
| 003 - محدد رقم الضبط | |
| رقم الضبط | OSt |
| 005 - وقت وتاريخ اخر تعامل مع التسجيلة | |
| رقم الضبط | 20150408114201.0 |
| 008 - عناصر البيانات ثابتة الطول - معلومات عامة | |
| حقل البيانات ثابتة الطول | 120807t20122012maua b 001 0 eng |
| 010 ## - رقم ضبط مكتبة الكونجرس | |
| رقم ضبط مكتبة الكونجرس | 2012023454 |
| 020 ## - الرقم الدولى المعيارى للكتب | |
| الرقم الدولى المعيارى للكتاب | 9781597499484 (pbk.) |
| 020 ## - الرقم الدولى المعيارى للكتب | |
| الرقم الدولى المعيارى للكتاب | 159749948X (pbk.) |
| 040 ## - مصدر الفهرسة | |
| وكالة الفهرسة الأصلية | DLC |
| لغة الفهرسة | eng |
| وكالة النسخ | DLC |
| قواعد الوصف | rda |
| وكالة التعديل | DLC |
| 042 ## - رمز التحقق | |
| رمز التحقق | pcc |
| 050 00 - رقم طلب مكتبة الكونجرس | |
| رقم التصنيف | QA76.9.A25 |
| رقم المادة | P414 2012 |
| 082 00 - رقم تصنيف ديوى العشرى | |
| رقم التصنيف | 008.8 |
| رقم الطبعة | 23 |
| رقم المادة | PCC |
| 245 00 - بيان العنوان | |
| العنوان | PCI compliance : |
| بقية العنوان | understand and implement effective PCI data security standard compliance / |
| بيان المسئوليه,etc | Branden R. Williams, Anton Chuvakin. |
| 250 ## - بيان الطبعة | |
| بيان الطبعة | Third edition. |
| 300 ## - الوصف المادى | |
| التعداد | xviii, 337 pages : |
| تفاصيل ماديه اخرى للوعاء | illustrations ; |
| أبعاد الوعاء | 24 cm |
| 500 ## - تبصرة عامة | |
| تبصرة عامة | Authorship has changed from editon to edition. |
| 504 ## - تبصرة ببليوجرافية | |
| تبصرة ببليوجرافية,الخ | Includes bibliographical references and index. |
| 505 0# - تبصرة محتويات-الفهرس | |
| تبصرة المحتويات المصاغة | About PCI and this book -- Introduction to fraud, data theft, and related regulatory mandates -- Why is PCI here? -- Determining and reducing the PCI scope -- Building and maintaining a secure network -- Strong access controls -- Protecting cardholder data -- Using wireless networking -- Vulnerability management -- Logging events and monitoring the cardholder data environment -- PCI for the small business -- Managing a PCI DSS project to achieve compliance -- Don't fear the assessor -- The art of compensating control -- You're compliant, now what? -- Emerging technology and alternative payment schemes -- Myths and misconceptions of PCI DSS. |
| 520 ## - التبصرة الخاصة بالتعليق أو التلخيص | |
| ملخص,الخ | "There are a variety of regulatory mandates and industry guidelines that impact information security, but none have the virtually universal scope of PCI DSS (Payment Card Industry Data Security Standard). Every business around the world that accepts, processes, transmits, or stores credit card data is subject to compliance with PCI DSS"-- |
| 650 #0 - المدخل الاضافى بالموضوع-مصطلح موضوعى | |
| مصطلح موضوعي أو اسم جغرافي كعنصر مدخل | Data protection |
| التقسيم الفرعي العام | Standards. |
| 9 (RLIN) | 41693 |
| 650 #0 - المدخل الاضافى بالموضوع-مصطلح موضوعى | |
| مصطلح موضوعي أو اسم جغرافي كعنصر مدخل | Computer networks |
| التقسيم الفرعي العام | Security measures. |
| 650 #0 - المدخل الاضافى بالموضوع-مصطلح موضوعى | |
| مصطلح موضوعي أو اسم جغرافي كعنصر مدخل | Credit cards |
| التقسيم الفرعي العام | Security measures. |
| 9 (RLIN) | 41694 |
| 650 #0 - المدخل الاضافى بالموضوع-مصطلح موضوعى | |
| مصطلح موضوعي أو اسم جغرافي كعنصر مدخل | Liability for credit information. |
| 9 (RLIN) | 41695 |
| 700 1# - المدخل الاضافى - اسم شخصى | |
| الإسم الشخصى | Williams, Branden R. |
| 9 (RLIN) | 41696 |
| 700 1# - المدخل الاضافى - اسم شخصى | |
| الإسم الشخصى | Chuvakin, Anton. |
| 9 (RLIN) | 41481 |
| 775 08 - مدخل طبعة اخرى | |
| نص العرض | Revision of: |
| العنوان | PCI complaince / Tony Bradley, technical editor |
| الناشر و مكان و تاريخ النشر | Burlington, Mass. : Syngress, c2007 |
| 775 08 - مدخل طبعة اخرى | |
| نص العرض | Revision of: |
| العنوان | PCI compliance / Anton A. Chuvakin, Branden R. Williams ; technical editor, Ward Spangenberg |
| الناشر و مكان و تاريخ النشر | Amsterdam ; Boston : Elsevier, 2010 |
| 906 ## - عنصر بيانات محلى F, LDF (RLIN) | |
| a | 7 |
| b | cbc |
| c | orignew |
| d | 1 |
| e | ecip |
| f | 20 |
| g | y-gencatlg |
| 942 ## - عناصر المدخل الإضافي( كوها) | |
| مصدر التصنيف او مخطط الترفيف | Dewey Decimal Classification |
| Koha [default] item type | DVD |
| حالة الفقد | نموذج السعر الفعال | حالة تلف | ليس للاعارة | رقم الطلب | تاريخ الاكتساب | الموقع الحالي | الفرع الرئيسي | Date last seen | نوع المادة فى نظام كوها | مصدر التصنيف او خطة الترفيف | Total Checkouts |
|---|---|---|---|---|---|---|---|---|---|---|---|
| 2014-01-07 | 008.8 PCC | 2014-01-07 | المكتبة المركزية بالمجمعة (CL) | المكتبة المركزية بالمجمعة (CL) | 2014-01-07 | كتاب | Dewey Decimal Classification |
